[Event "Titled Tuesday intern op 5th May"]
[Site "Chess.com INT"]
[Date "2020.05.05"]
[Round "4"]
[White "Terziev, Dimo"]
[Black "Craig, Gory"]
[Result "1-0"]
[WhiteElo "2167"]
[BlackElo "2108"]
[PlyCount "103"]
[EventDate "2020.05.05"]
[EventType "swiss (blitz)"]
[EventRounds "10"]
[EventCountry "USA"]
[SourceTitle "EXT 2021"]
[Source "ChessBase"]
[SourceDate "2020.10.23"]
[SourceVersion "1"]
[SourceVersionDate "2020.10.23"]
[SourceQuality "1"]

1. e4 d5 2. exd5 Nf6 3. Nc3 Nxd5 4. Nxd5 Qxd5 5. Nf3 Nc6 6. Be2 Bg4 7. 0-0 0-0-0 8. d3 e5 9. h3 Bh5 10. Be3 f5 11. c4 Qd7 12. Qa4 e4 13. dxe4 fxe4 14. Nd4 Nxd4 15. Qxd7+ Rxd7 16. Bxh5 Kb8 17. Rad1 c5 18. Bg4 Rd8 19. b4 Bd6 20. bxc5 Bxc5 21. Bf4+ Ka8 22. Bg5 Rde8 23. Be3 Rd8 24. Rfe1 h5 25. Bxd4 Rxd4 26. Rxd4 Bxd4 27. Be6 e3 28. fxe3 Bb6 29. Bd5 Kb8 30. Kf1 Rf8+ 31. Ke2 Re8 32. Kd3 Kc7 33. e4 Bc5 34. Rf1 Re7 35. Rf5 h4 36. Rf4 g5 37. Rf5 Rg7 38. e5 b6 39. e6 Kd6 40. Rf7 Rxf7 41. exf7 Ke7 42. Ke4 Kf6 43. a4 a5 44. Kf3 Ke5 45. Kg4 Kf6 46. Kh5 Kf5 47. Kh6 g4 48. hxg4+ Kxg4 49. Kg7 Bd4+ 50. Kg8 Bc5 51. f8Q Bxf8 52. Kxf8 1-0

[Event "Titled Tuesday intern op 28th Apr"]
[Site "Chess.com INT"]
[Date "2020.04.28"]
[Round "4"]
[White "Craig, Gory"]
[Black "Primbetov, Kazbek"]
[Result "0-1"]
[WhiteElo "2073"]
[BlackElo "2207"]
[PlyCount "66"]
[EventDate "2020.04.28"]
[EventType "swiss (blitz)"]
[EventRounds "10"]
[EventCountry "USA"]
[SourceTitle "EXT 2021"]
[Source "ChessBase"]
[SourceDate "2020.10.23"]
[SourceVersion "1"]
[SourceVersionDate "2020.10.23"]
[SourceQuality "1"]

1. e4 c5 2. Nc3 d6 3. f4 g6 4. Nf3 Bg7 5. Bb5+ Bd7 6. Bxd7+ Qxd7 7. 0-0 Nc6 8. d3 e6 9. Qe1 Nge7 10. f5 gxf5 11. Qg3 Rg8 12. Qh3 0-0-0 13. Nh4 Nd4 14. Rf2 Be5 15. Be3 Rg7 16. Raf1 Rdg8 17. exf5 Nexf5 18. Nxf5 Nxf5 19. Nd1 Nxe3 20. Nxe3 Bxb2 21. Kh1 Bd4 22. Re2 Qc6 23. Qf3 Qxf3 24. Rxf3 Bxe3 25. Rfxe3 Kd7 26. c4 Rg4 27. g3 R8g6 28. Rb2 b6 29. a4 Rf6 30. a5 Kc6 31. axb6 axb6 32. Kg2 Rd4 33. Ra2 Kb7 0-1

[Event "Titled Tuesday intern op 28th Apr"]
[Site "Chess.com INT"]
[Date "2020.04.28"]
[Round "6"]
[White "Nguyen, Thi Mai Hung"]
[Black "Craig, Gory"]
[Result "1-0"]
[WhiteElo "2258"]
[BlackElo "2066"]
[PlyCount "53"]
[EventDate "2020.04.28"]
[EventType "swiss (blitz)"]
[EventRounds "10"]
[EventCountry "USA"]
[SourceTitle "EXT 2021"]
[Source "ChessBase"]
[SourceDate "2020.10.23"]
[SourceVersion "1"]
[SourceVersionDate "2020.10.23"]
[SourceQuality "1"]

1. d4 Nf6 2. Nf3 e6 3. Bf4 b6 4. e3 Bb7 5. Bd3 c5 6. 0-0 cxd4 7. exd4 Be7 8. c3 d6 9. h3 0-0 10. Nbd2 Nbd7 11. Qe2 a6 12. Rfe1 Re8 13. a4 Bf8 14. Bh2 g6 15. Nc4 Qc7 16. Rac1 Rac8 17. Ne3 e5 18. Bxa6 Bxa6 19. Qxa6 Ra8 20. Qb5 Ra5 21. Qb3 Rea8 22. Ng5 Nb8 23. dxe5 dxe5 24. Nc4 Rxa4 25. Nxe5 Nc6 26. Nexf7 Qb7 27. Nd6+ 1-0

[Event "Titled Tuesday intern op 21st April"]
[Site "Chess.com INT"]
[Date "2020.04.21"]
[Round "2"]
[White "Jenni, Florian"]
[Black "Craig, Gory"]
[Result "1-0"]
[WhiteElo "2456"]
[BlackElo "2065"]
[PlyCount "63"]
[EventDate "2020.04.21"]
[EventType "swiss (blitz)"]
[EventRounds "10"]
[EventCountry "USA"]
[SourceTitle "EXT 2021"]
[Source "ChessBase"]
[SourceDate "2020.10.23"]
[SourceVersion "1"]
[SourceVersionDate "2020.10.23"]
[SourceQuality "1"]

1. e4 e6 2. d4 d5 3. Nc3 Bb4 4. e5 c5 5. a3 Bxc3+ 6. bxc3 Ne7 7. h4 Nbc6 8. h5 Qa5 9. Bd2 Bd7 10. Nf3 0-0-0 11. h6 gxh6 12. Rxh6 Ng8 13. Rh4 f6 14. Bd3 c4 15. Be2 fxe5 16. Nxe5 Nxe5 17. dxe5 Ne7 18. Bg4 Ng6 19. Rh5 Rdf8 20. g3 Qc7 21. Qe2 Rf7 22. Qe3 Kb8 23. Qd4 Bc8 24. Be3 b6 25. a4 Rhf8 26. a5 Bb7 27. axb6 axb6 28. Qxb6 Qxb6 29. Bxb6 Bc8 30. Bd4 Rb7 31. f4 Rff7 32. Kd2 1-0

[Event "Titled Tuesday intern op 21st April"]
[Site "Chess.com INT"]
[Date "2020.04.21"]
[Round "3"]
[White "McCoy, Owen"]
[Black "Craig, Gory"]
[Result "1-0"]
[WhiteElo "2075"]
[BlackElo "2062"]
[PlyCount "61"]
[EventDate "2020.04.21"]
[EventType "swiss (blitz)"]
[EventRounds "10"]
[EventCountry "USA"]
[SourceTitle "EXT 2021"]
[Source "ChessBase"]
[SourceDate "2020.10.23"]
[SourceVersion "1"]
[SourceVersionDate "2020.10.23"]
[SourceQuality "1"]

1. Nf3 Nf6 2. g3 d5 3. Bg2 c6 4. 0-0 g6 5. d3 Bg7 6. Nbd2 0-0 7. e4 Bg4 8. h3 Bxf3 9. Qxf3 dxe4 10. dxe4 e5 11. a4 a5 12. Nc4 Qc7 13. b3 Nbd7 14. Ba3 Rfe8 15. Rad1 Bf8 16. Bb2 Rad8 17. Qe2 Bc5 18. Kh1 b5 19. axb5 cxb5 20. Nd2 Qb6 21. f4 Bd4 22. c3 Be3 23. f5 Bxd2 24. Rxd2 Nc5 25. Rxd8 Rxd8 26. Bc1 Nxb3 27. Bg5 Kg7 28. fxg6 Rd6 29. gxf7 Kxf7 30. Qh5+ Kg7 31. Bh6+ 1-0

[Event "Titled Tuesday intern op 4th July"]
[Site "Chess.com INT"]
[Date "2017.07.04"]
[Round "1"]
[White "Craig, Gory"]
[Black "Nasuta, Grzegorz"]
[Result "0-1"]
[WhiteElo "2043"]
[BlackElo "2455"]
[PlyCount "52"]
[EventDate "2017.07.04"]
[EventType "swiss (blitz)"]
[EventRounds "10"]
[EventCountry "USA"]
[SourceTitle "EXT 2021"]
[Source "ChessBase"]
[SourceDate "2020.10.23"]
[SourceVersion "1"]
[SourceVersionDate "2020.10.23"]
[SourceQuality "1"]

1. e4 c5 2. Nf3 d6 3. d4 cxd4 4. Nxd4 Nf6 5. Nc3 a6 6. Be3 e6 7. g4 b5 8. g5 Nfd7 9. f4 Bb7 10. Bg2 Nb6 11. b3 N8d7 12. 0-0 Rc8 13. Qd2 Be7 14. f5 e5 15. Ne6 fxe6 16. fxe6 Nf8 17. Nd5 Nxd5 18. exd5 Ng6 19. Be4 Nf4 20. Bxf4 exf4 21. Qxf4 Qb6+ 22. Kh1 Kd8 23. Qf7 Qd4 24. Rae1 Bxd5 25. Rf4 Rxc2 26. Ref1 Bxe4+ 0-1

[Event "Titled Tuesday intern op 6th Sept"]
[Site "Chess.com INT"]
[Date "2016.09.06"]
[Round "1"]
[White "Banawa, Joel Cholo"]
[Black "Craig, Gory"]
[Result "1-0"]
[WhiteElo "2363"]
[BlackElo "2025"]
[PlyCount "45"]
[EventDate "2016.09.06"]
[EventType "swiss (blitz)"]
[EventRounds "9"]
[EventCountry "USA"]
[SourceTitle "EXT 2021"]
[Source "ChessBase"]
[SourceDate "2020.10.23"]
[SourceVersion "1"]
[SourceVersionDate "2020.10.23"]
[SourceQuality "1"]

1. e4 e6 2. d4 d5 3. Nd2 Be7 4. e5 c5 5. c3 Nc6 6. Bd3 cxd4 7. cxd4 Nh6 8. Ne2 0-0 9. 0-0 Nf5 10. Nf3 Kh8 11. a3 g5 12. h3 a5 13. Bb1 Rg8 14. g4 Nh4 15. Nxh4 gxh4 16. Qd3 Rg7 17. Bh6 Qg8 18. Bxg7+ Qxg7 19. f4 f5 20. Kh1 b6 21. gxf5 Ba6 22. f6 Bxf6 23. exf6 1-0

[Event "Titled Tuesday intern op1 6th Sept"]
[Site "Chess.com INT"]
[Date "2016.09.06"]
[Round "2"]
[White "Craig, Gory"]
[Black "Akinseye, Akinleye"]
[Result "1-0"]
[WhiteElo "2024"]
[BlackElo "1797"]
[PlyCount "123"]
[EventDate "2016.09.06"]
[EventType "swiss (blitz)"]
[EventRounds "9"]
[EventCountry "USA"]
[SourceTitle "EXT 2021"]
[Source "ChessBase"]
[SourceDate "2020.10.23"]
[SourceVersion "1"]
[SourceVersionDate "2020.10.23"]
[SourceQuality "1"]

1. e4 e5 2. Nf3 Nc6 3. Bb5 Nf6 4. 0-0 Bc5 5. c3 0-0 6. d4 Bb6 7. Bg5 d6 8. a4 a6 9. Bxc6 bxc6 10. dxe5 dxe5 11. Qxd8 Rxd8 12. Nxe5 Re8 13. Bxf6 gxf6 14. Nxc6 Rxe4 15. a5 Bc5 16. b4 Bd6 17. Nd2 Re2 18. Nc4 Bb7 19. Nd4 Ree8 20. Nxd6 cxd6 21. Rfe1 Rac8 22. Rxe8+ Rxe8 23. Nf5 d5 24. Nd6 Re7 25. Nxb7 Rxb7 26. Rd1 Rc7 27. Rd3 Kf8 28. Kf1 Ke7 29. Ke1 Ke6 30. Kd2 Ke5 31. Rh3 d4 32. cxd4+ Kxd4 33. Rxh7 Kc4 34. Rh4+ Kb3 35. Rf4 Rc2+ 36. Ke3 Rc3+ 37. Ke2 Rc6 38. h4 Re6+ 39. Kf3 Ka4 40. g4 Kb5 41. h5 Re8 42. Rxf6 Kxb4 43. Rxa6 Kb5 44. Rf6 Kxa5 45. Rxf7 Kb5 46. h6 Kc5 47. g5 Rh8 48. Kg4 Kd6 49. Kh5 Ke6 50. Rf6+ Ke7 51. f4 Ke8 52. Kg6 Ke7 53. Kg7 Ra8 54. h7 Re8 55. h8Q Rxh8 56. Kxh8 Ke8 57. Kg7 Ke7 58. g6 Ke8 59. Rf7 Kd8 60. Kf6 Ke8 61. g7 Kd8 62. g8Q# 1-0

[Event "Titled Tuesday intern op1 6th Sept"]
[Site "Chess.com INT"]
[Date "2016.09.06"]
[Round "3"]
[White "Jackson, Bell"]
[Black "Craig, Gory"]
[Result "0-1"]
[WhiteElo "2148"]
[BlackElo "2035"]
[PlyCount "48"]
[EventDate "2016.09.06"]
[EventType "swiss (blitz)"]
[EventRounds "9"]
[EventCountry "USA"]
[SourceTitle "EXT 2021"]
[Source "ChessBase"]
[SourceDate "2020.10.23"]
[SourceVersion "1"]
[SourceVersionDate "2020.10.23"]
[SourceQuality "1"]

1. e4 e6 2. d4 d5 3. Nc3 Bb4 4. e5 c5 5. a3 Bxc3+ 6. bxc3 Ne7 7. Qg4 Qc7 8. Qxg7 Rg8 9. Qxh7 cxd4 10. Ne2 Nbc6 11. f4 Bd7 12. Qd3 dxc3 13. Qxc3 0-0-0 14. Ng3 Kb8 15. Rb1 Nf5 16. Nxf5 exf5 17. Be3 d4 18. Bxd4 Nxd4 19. Qxd4 Bb5 20. Qb4 Qxc2 21. Bxb5 Rxg2 22. Rf1 Rgd2 23. Ba4 Rd1+ 24. Rxd1 Rxd1# 0-1

[Event "Titled Tuesday intern op 6th Sept"]
[Site "Chess.com INT"]
[Date "2016.09.06"]
[Round "3"]
[White "Moreno, Luis Manuel"]
[Black "Craig, Gory"]
[Result "1-0"]
[WhiteElo "2087"]
[BlackElo "2012"]
[PlyCount "63"]
[EventDate "2016.09.06"]
[EventType "swiss (blitz)"]
[EventRounds "9"]
[EventCountry "USA"]
[SourceTitle "EXT 2021"]
[Source "ChessBase"]
[SourceDate "2020.10.23"]
[SourceVersion "1"]
[SourceVersionDate "2020.10.23"]
[SourceQuality "1"]

1. e4 e6 2. d4 d5 3. Nd2 Be7 4. f4 dxe4 5. Nxe4 Nf6 6. Ng3 c5 7. Nf3 Nc6 8. Bd3 cxd4 9. 0-0 0-0 10. Bd2 Qb6 11. Ng5 h6 12. Qf3 hxg5 13. fxg5 Ne5 14. Qe2 Nfg4 15. h3 Nxd3 16. hxg4 Nxb2 17. Kh2 Bd6 18. Bf4 Bxf4 19. Rxf4 Na4 20. Raf1 Nc3 21. Qe5 Nd5 22. Nh5 f6 23. gxf6 gxf6 24. Rxf6 Rxf6 25. Qg5+ Kf7 26. Qg7+ Ke8 27. Nxf6+ Nxf6 28. Rxf6 Qd6+ 29. g3 Qe7 30. Qg6+ Kd8 31. Rf7 Qe8 32. Qf6+ 1-0

[Event "Titled Tuesday intern op 3rd May"]
[Site "Chess.com INT"]
[Date "2016.05.03"]
[Round "7"]
[White "Craig, Gory"]
[Black "Oberholzer, Francois"]
[Result "1-0"]
[WhiteElo "2090"]
[BlackElo "2061"]
[PlyCount "55"]
[EventDate "2016.05.03"]
[EventType "swiss (blitz)"]
[EventRounds "9"]
[EventCountry "USA"]
[SourceTitle "EXT 2021"]
[Source "ChessBase"]
[SourceDate "2020.10.23"]
[SourceVersion "1"]
[SourceVersionDate "2020.10.23"]
[SourceQuality "1"]

1. e4 c5 2. d4 cxd4 3. Nf3 Nc6 4. Nxd4 Nf6 5. Nc3 e5 6. Ndb5 d6 7. Bg5 a6 8. Na3 b5 9. Bxf6 gxf6 10. Nd5 f5 11. Bxb5 axb5 12. Nxb5 Ra4 13. b4 Rxb4 14. Nbc7+ Kd7 15. 0-0 Rxe4 16. Qh5 Nd4 17. c3 Ne2+ 18. Kh1 Kc6 19. Rab1 Be6 20. Rb6+ Kc5 21. Rfb1 Bxd5 22. R1b5+ Kc4 23. Rb4+ Kd3 24. Qf3+ Kd2 25. Rb2+ Ke1 26. Rb1+ Nc1 27. Rxc1+ Kd2 28. Qd1# 1-0

[Event "Titled Tuesday intern op 4th Aug"]
[Site "Chess.com INT"]
[Date "2015.08.04"]
[Round "7"]
[White "Craig, Gory"]
[Black "O'Brien, Matthew"]
[Result "0-1"]
[WhiteElo "2006"]
[BlackElo "2178"]
[PlyCount "78"]
[EventDate "2015.08.04"]
[EventType "swiss (blitz)"]
[EventRounds "9"]
[EventCountry "USA"]
[SourceTitle "EXT 2021"]
[Source "ChessBase"]
[SourceDate "2020.10.23"]
[SourceVersion "1"]
[SourceVersionDate "2020.10.23"]
[SourceQuality "1"]

1. e4 c5 2. Nf3 d6 3. d4 cxd4 4. Nxd4 Nf6 5. Nc3 a6 6. Be3 e6 7. g4 h6 8. Rg1 b5 9. f3 Bb7 10. h4 g6 11. Qd2 Bg7 12. 0-0-0 b4 13. Nce2 Qa5 14. Kb1 d5 15. g5 hxg5 16. hxg5 Nfd7 17. Nb3 Qa4 18. Ng3 a5 19. Rh1 Rxh1 20. Nxh1 Qc6 21. Nd4 Qc8 22. Nb5 Bf8 23. Qh2 Na6 24. Qh8 Qc6 25. exd5 exd5 26. Rxd5 Qxd5 27. Bc4 Qd1+ 28. Bc1 0-0-0 29. Nf2 Qg1 30. Ne4 Bxe4 31. fxe4 Ndc5 32. Qe5 Qd1 33. Bxf7 Kb7 34. Bd5+ Rxd5 35. exd5 Qg4 36. d6 Qd7 37. Qd5+ Qc6 38. Qf7+ Nd7 39. a4 Bxd6 0-1

[Event "Titled Tuesday intern op 24th Febr"]
[Site "Chess.com INT"]
[Date "2015.02.24"]
[Round "3"]
[White "Costa, Paulo Cesar"]
[Black "Craig, Gory"]
[Result "1-0"]
[WhiteElo "2007"]
[BlackElo "1981"]
[PlyCount "65"]
[EventDate "2015.02.24"]
[EventType "swiss (blitz)"]
[EventRounds "9"]
[EventCountry "USA"]
[SourceTitle "EXT 2021"]
[Source "ChessBase"]
[SourceDate "2020.10.23"]
[SourceVersion "1"]
[SourceVersionDate "2020.10.23"]
[SourceQuality "1"]

1. Nf3 Nf6 2. c4 e6 3. d4 d5 4. Bg5 c6 5. e3 Nbd7 6. Nc3 Qa5 7. Nd2 dxc4 8. Bxf6 Nxf6 9. Nxc4 Qd8 10. Be2 Bb4 11. Qb3 a5 12. 0-0 0-0 13. g3 b5 14. Ne5 Bb7 15. a4 Rb8 16. axb5 cxb5 17. Bxb5 Bxc3 18. Qxc3 Qd5 19. Bc6 Bxc6 20. Qxc6 Rxb2 21. Qxd5 Nxd5 22. Rxa5 Rc8 23. Rfa1 Nb6 24. Ra7 f6 25. Nd3 Rd2 26. Nc5 e5 27. Rb1 exd4 28. exd4 Nd5 29. Rbb7 Rxd4 30. Rxg7+ Kh8 31. Rxh7+ Kg8 32. Rag7+ Kf8 33. Ne6+ 1-0

[Event "Titled Tuesday intern op 24th Febr"]
[Site "Chess.com INT"]
[Date "2015.02.24"]
[Round "5"]
[White "Tay, Junior"]
[Black "Craig, Gory"]
[Result "1-0"]
[WhiteElo "2230"]
[BlackElo "1975"]
[PlyCount "145"]
[EventDate "2015.02.24"]
[EventType "swiss (blitz)"]
[EventRounds "9"]
[EventCountry "USA"]
[SourceTitle "EXT 2021"]
[Source "ChessBase"]
[SourceDate "2020.10.23"]
[SourceVersion "1"]
[SourceVersionDate "2020.10.23"]
[SourceQuality "1"]

1. e4 e6 2. Nf3 d5 3. Nc3 Nf6 4. e5 Nfd7 5. d4 c5 6. Bg5 Qb6 7. dxc5 Bxc5 8. Qd2 Nc6 9. Na4 Qb4 10. Nxc5 Qxd2+ 11. Bxd2 Nxc5 12. 0-0-0 Bd7 13. Be3 b6 14. Kb1 a5 15. c4 Ne7 16. Rc1 Rc8 17. Nd4 dxc4 18. Bxc4 Nd5 19. Bxd5 exd5 20. Rhd1 0-0 21. Ne2 Bf5+ 22. Ka1 Nd3 23. Rc3 Nxe5 24. Rxd5 f6 25. Bxb6 Bd3 26. Rdxd3 Nxd3 27. Rxd3 Rc2 28. Nc3 Rb8 29. Kb1 Rxc3 30. Rxc3 Rxb6 31. Kc2 Kf7 32. Rc5 Ra6 33. Kc3 Kg6 34. Kc4 h5 35. Kb5 Re6 36. Rc2 Re5+ 37. Kb6 Kh6 38. a3 a4 39. Kc6 Kg6 40. Kd6 Kh6 41. h4 Kg6 42. f3 Rb5 43. Kc6 Re5 44. Kb6 Rd5 45. g4 hxg4 46. fxg4 f5 47. gxf5+ Rxf5 48. Rg2+ Kh5 49. Rxg7 Kxh4 50. Ra7 Rf4 51. Kb5 Rf2 52. Rxa4+ Kg5 53. Rb4 Kf6 54. a4 Ke7 55. a5 Kd8 56. a6 Kc7 57. Rc4+ Kb8 58. b4 Rf5+ 59. Rc5 Rf6 60. Rc6 Rf5+ 61. Kb6 Rf4 62. b5 Rf7 63. Rh6 Rb7+ 64. Ka5 Rg7 65. Rh5 Rg1 66. Rh8+ Kc7 67. b6+ Kc6 68. Rc8+ Kd7 69. b7 Ra1+ 70. Kb6 Rb1+ 71. Ka7 Ra1 72. b8Q Rxa6+ 73. Kxa6 1-0